KOHA-Header-6

Technical Writing & Prefessional Communication (Record no. 2858)

000 -LEADER
fixed length control field 00386nam a2200157Ia 4500
003 - CONTROL NUMBER IDENTIFIER
control field OSt
005 - DATE AND TIME OF LATEST TRANSACTION
control field 20200603130526.0
008 - FIXED-LENGTH DATA ELEMENTS--GENERAL INFORMATION
fixed length control field 190902s9999||||xx |||||||||||||| ||und||
020 ## - INTERNATIONAL STANDARD BOOK NUMBER
International Standard Book Number 0-07-047823-6
040 ## - CATALOGING SOURCE
Transcribing agency MAJU
100 ## - MAIN ENTRY--PERSONAL NAME
Personal name Leslie A. Olsen
245 #0 - TITLE STATEMENT
Title Technical Writing & Prefessional Communication
260 ## - PUBLICATION, DISTRIBUTION, ETC. (IMPRINT)
Place of publication, distribution, etc London
Name of publisher, distributor, etc Prentice Hall
Date of publication, distribution, etc 1991
300 ## - PHYSICAL DESCRIPTION
Extent 584
942 ## - ADDED ENTRY ELEMENTS (KOHA)
Koha item type Books
Source of classification or shelving scheme
Holdings
Withdrawn status Lost status Source of classification or shelving scheme Damaged status Not for loan Collection code Permanent Location Current Location Shelving location Date acquired Total Checkouts Barcode Date last seen Date checked out Price effective from Koha item type
          Finance MAJU MAJU Shelf No.A14 2019-09-02 1 6525 2024-04-29 2023-09-18 2019-09-02 Finance

Powered by Koha